Man-hours per unit of output in the basic steel industry, 1939-55. (Record no. 36925)
[ view plain ]
| 000 -LEADER | |
|---|---|
| fixed length control field | 00874cam a22002651 4500 |
| 001 - CONTROL NUMBER | |
| control field | l 56000144 |
| 003 - CONTROL NUMBER IDENTIFIER | |
| control field | DLC |
| 005 - DATE AND TIME OF LATEST TRANSACTION | |
| control field | 20260227111544.0 |
| 008 - FIXED-LENGTH DATA ELEMENTS--GENERAL INFORMATION | |
| fixed length control field | 850805s1956 dcu f000 0 eng |
| 010 ## - LIBRARY OF CONGRESS CONTROL NUMBER | |
| LC control number | l 56000144 |
| 035 ## - SYSTEM CONTROL NUMBER | |
| System control number | (OCoLC)12349205 |
| 040 ## - CATALOGING SOURCE | |
| Original cataloging agency | DLC |
| Transcribing agency | GASU |
| Modifying agency | AU |
| -- | DLC |
| 042 ## - AUTHENTICATION CODE | |
| Authentication code | premarc |
| 050 00 - LIBRARY OF CONGRESS CALL NUMBER | |
| Classification number | HD8051 |
| Item number | .A62 no. 1200 |
| 082 ## - DEWEY DECIMAL CLASSIFICATION NUMBER | |
| Classification number | 338.476691 |
| 110 1# - MAIN ENTRY--CORPORATE NAME | |
| Corporate name or jurisdiction name as entry element | United States. |
| Subordinate unit | Bureau of Labor Statistics. |
| 245 10 - TITLE STATEMENT | |
| Title | Man-hours per unit of output in the basic steel industry, 1939-55. |
| 260 ## - PUBLICATION, DISTRIBUTION, ETC. | |
| Place of publication, distribution, etc. | Washington, |
| Name of publisher, distributor, etc. | U.S. Govt. Print. Off., |
| Date of publication, distribution, etc. | 1956. |
| 300 ## - PHYSICAL DESCRIPTION | |
| Extent | iv, 40 p. |
| Other physical details | illus. |
| Dimensions | 27 cm. |
| 490 1# - SERIES STATEMENT | |
| Series statement | Its Bulletin |
| Volume/sequential designation | no. 1200 |
| 650 #0 - SUBJECT ADDED ENTRY--TOPICAL TERM | |
| Topical term or geographic name entry element | Labor productivity |
| Geographic subdivision | United States. |
| 650 #0 - SUBJECT ADDED ENTRY--TOPICAL TERM | |
| Topical term or geographic name entry element | Steel industry and trade |
| Geographic subdivision | United States. |
| 740 0# - ADDED ENTRY--UNCONTROLLED RELATED/ANALYTICAL TITLE | |
| Uncontrolled related/analytical title | Basic steel industry. |
| 810 1# - SERIES ADDED ENTRY--CORPORATE NAME | |
| Corporate name or jurisdiction name as entry element | United States. |
| Subordinate unit | Bureau of Labor Statistics. |
| Title of a work | Bulletin |
| Volume/sequential designation | no. 1200. |
No items available.